ECOLOGIA : (Registro nro. 10165)
[ vista simple ]
| 000 -LEADER | |
|---|---|
| fixed length control field | 00554nam a2200193 a 4500 |
| 001 - CONTROL NUMBER | |
| control field | 10165 |
| 005 - DATE AND TIME OF LATEST TRANSACTION | |
| control field | 20180713194222.0 |
| 008 - FIXED-LENGTH DATA ELEMENTS--GENERAL INFORMATION | |
| fixed length control field | 140415s1993 sp 000 0 spa d |
| 041 ## - LANGUAGE CODE | |
| Language code of text/sound track or separate title | spa |
| 082 ## - DEWEY DECIMAL CLASSIFICATION NUMBER | |
| Classification number | 574.5 |
| Item number | CAL |
| 100 1# - MAIN ENTRY--PERSONAL NAME | |
| Personal name | CALDWELL, LYNTON KEITH |
| 245 10 - TITLE STATEMENT | |
| Title | ECOLOGIA : |
| Remainder of title | CIENCIA Y POLITICA MEDIOAMBIENTAL |
| 250 ## - EDITION STATEMENT | |
| Edition statement | 1a ed. |
| 260 ## - PUBLICATION, DISTRIBUTION, ETC. | |
| Place of publication, distribution, etc. | ESPAÑA : |
| Name of publisher, distributor, etc. | MC GRAW HILL INTERAMERICANA DE ESPAÑA, |
| Date of publication, distribution, etc. | 1993 |
| 300 ## - PHYSICAL DESCRIPTION | |
| Extent | 251 |
| 490 ## - SERIES STATEMENT | |
| Series statement | MC GRAW HILL DE DIVULGACION |
| 650 14 - SUBJECT ADDED ENTRY--TOPICAL TERM | |
| Topical term or geographic name entry element | ECOLOGIA |
| 700 1# - ADDED ENTRY--PERSONAL NAME | |
| Personal name | GISBERT DE CRUZ, XAVIER |
| Relator term | tr. |
| Withdrawn status | Lost status | Source of classification or shelving scheme | Damaged status | Not for loan | Collection code | Home library | Current library | Shelving location | Date acquired | Source of acquisition | Inventory number | Total Checkouts | Full call number | Barcode | Date last seen | Price effective from | Koha item type |
|---|---|---|---|---|---|---|---|---|---|---|---|---|---|---|---|---|---|
| Dewey Decimal Classification | General | Biblioteca Karol Wojtyla | Biblioteca Karol Wojtyla | Sala general | 03/12/2013 | Compra | 151000000000000000000572 | 574.5 CAL | 24905 | 05/01/2026 | 03/12/2013 | Libro |